000 00610nam a2200181Ia 4500
008 100920s9999 xx 000 0 und d
082 _b102307
_a51 न 08
100 _aगवाणकर गंगाराम.
245 _aव्हाया वस्त्रहरण.
260 _bडिंपल पब्लि. नवघर.
_c2008
300 _a253
_bसाधी
365 _b250
520 _aचरित्र.
630 _aव्हाया वस्त्रहरण.
650 _aचरित्र.
730 _aव्हाया वस्त्रहरण.
942 _cBOOK
999 _c742740
_d742737